Video Games General Knowledge #1 - Statistics

General Stats
  • This quiz has been taken 1,287 times
  • The average score is 11 of 15
Answer Stats
Hint Answer % Correct
Which famous plumber serves as the mascot of Nintendo? Mario
100%
Who is this character's brother? Luigi
99%
What blue animal can run really fast? Sonic the Hedgehog
98%
What round yellow character navigates mazes and ate pellets while avoiding ghosts? Pac-Man
91%
What game involves arranging differently shaped falling blocks into lines? Tetris
90%
What series of games stars the Master Chief? Halo
89%
What sword-wielding Nintendo character is often mistakenly called by the name of the princess he tries to rescue? Link
87%
The phrase "The cake is a lie" comes from what game? Portal
70%
What is the bestselling handheld video game console of all time? Nintendo DS
69%
What is the name of Valve Corporation's digital distribution platform for video games? Steam
69%
What blue-and-black clad ninja is known for freezing their opponents solid? Sub-Zero
69%
What company makes the Final Fantasy series of roleplaying games? Square Enix
55%
Which video game company developed a bad reputation in the 2000's for purchasing smaller developers to acquire their assets, then publishing drastically changed versions of their games? Electronic Arts
54%
Which 1982 game for the Atari 2600 had so many unsold copies that many were buried in a New Mexico landfill? E.T. the Extra-Terrestrial
49%
What company was responsible for FarmVille and other similar games that involved spamming Facebook friends with game requests? Zynga
15%
No matching quizzes found
Score Distribution
Percent of People with Each Score
Percentile by Number Answered
Your Score History
You have not taken this quiz